| 000 | 00920nam a2200205Ii 4500 | ||
|---|---|---|---|
| 003 | JO-AjNU | ||
| 008 | 230605s9999||||xx |||||||||||||| ||und|| | ||
| 040 |
_aJO-AjNU _bara _erda _cJO-AjNU |
||
| 041 | _aara | ||
| 050 | 1 | 4 | _aKBP873.8.N35.2006 |
| 100 | 3 |
_a نعيم ، أسمادي محمد ، تقديم الزحيلي ، محمد, _eauthor _921505 |
|
| 245 | 0 | 0 | _aنظرية فسخ العقود في الفقة الاسلامي |
| 250 | _aط1 | ||
| 264 | 3 | 1 | _aعمان : دار النفائس ، 2006 |
| 300 |
_a256ص _bيشتمل على قائمة المراجع والمصادر الببلوغرافية باللغة العربية والانجليزية والماليزية ص ( 239 - 250 ) |
||
| 336 |
_atext _btxt _2rdacontent |
||
| 337 |
_aunmediated _bn _2rdamedia |
||
| 338 |
_avolume _bnc _2rdacarrier |
||
| 650 | 4 |
_aالعقود -- الفقه الاسلامى -- المعاملات الشرعية _921506 |
|
| 999 |
_aA7481 _c11049 _d11049 |
||